A Potential Model Question For Junior School Certificate Examinition (JSC) / (Record no. 4956)
[ view plain ]
| 000 -LEADER | |
|---|---|
| fixed length control field | 00591nam a2200217 a 4500 |
| 001 - CONTROL NUMBER | |
| JCCL Control Number | 4956 |
| 003 - CONTROL NUMBER IDENTIFIER | |
| JCCL marc code | BD-JhCC |
| 005 - DATE AND TIME OF LATEST TRANSACTION | |
| control field | 20171205195236.0 |
| 008 - FIXED-LENGTH DATA ELEMENTS--GENERAL INFORMATION | |
| fixed length control field | 171205s2010 bg |||| ||a| 000 0 eng d |
| 035 ## - SYSTEM CONTROL NUMBER | |
| system control number | (BD-JhCC)4956 |
| 040 ## - CATALOGING SOURCE | |
| Original cataloging agency | BD-JhCC |
| Modifying agency | BD-JhCC |
| 041 ## - LANGUAGE CODE | |
| Language code of Book | eng |
| 082 ## - DEWEY DECIMAL CLASSIFICATION NUMBER | |
| Classification number | 428.6 |
| Author mark and Year | ULL 2010 |
| 100 ## - MAIN ENTRY--PERSONAL NAME | |
| Personal name | Ullah , Md.Khali |
| 245 ## - TITLE STATEMENT | |
| Title | A Potential Model Question For Junior School Certificate Examinition (JSC) / |
| Statement of responsibility, etc | Md.Khalil Ullah |
| 260 ## - PUBLICATION, DISTRIBUTION, ETC. (IMPRINT) | |
| Place of publication, distribution, etc | Dhaka : |
| Name of publisher, distributor, etc | Shupti Prokasoni |
| Date of publication, distribution, etc | 2010. |
| 300 ## - PHYSICAL DESCRIPTION | |
| Pagination | 398 p. : |
| Dimensions | 24 cm. |
| 650 ## - SUBJECT ADDED ENTRY--TOPICAL TERM | |
| Topical term or geographic name as entry element | EnglishLanguage |
| 942 ## - ADDED ENTRY ELEMENTS (KOHA) | |
| Source of classification or shelving scheme | Dewey Decimal Classification |
| Koha item type | Books |
| Source of classification or shelving scheme | Damaged status | Not for loan | Home library | Current library | Shelving location | Date of accession | Cost, normal purchase price | Total Checkouts | Full call number | Barcode | Date last seen | Copy number | Koha item type |
|---|---|---|---|---|---|---|---|---|---|---|---|---|---|
| Dewey Decimal Classification | JCC Rouf Library | JCC Rouf Library | General Stacks | 12/05/2017 | 135.00 | 428.6 ULL 2010 | 6483 | 12/05/2017 | C-1 | Books |